US States by City - Statistics

General Stats
  • This quiz has been taken 182 times
  • The average score is 18 of 24
Answer Stats
City State % Correct
Salt Lake City Utah
99%
El Paso Texas
97%
Portland Oregon
96%
Baton Rouge Louisiana
92%
Tucson Arizona
91%
Baltimore Maryland
90%
Fresno California
88%
Raleigh North Carolina
88%
St Louis Missouri
87%
Birmingham Alabama
85%
Omaha Nebraska
85%
Des Moines Iowa
84%
Tulsa Oklahoma
81%
Wichita Kansas
79%
St. Petersburg Florida
75%
Toledo Ohio
75%
Rochester New York
71%
Fort Wayne Indiana
63%
Chesapeake Virginia
63%
Plano Texas
58%
Aurora Colorado
50%
Henderson Nevada
50%
Fremont California
44%
Chandler Arizona
42%
No matching quizzes found
Score Distribution
Percent of People with Each Score
Percentile by Number Answered
Your Score History
You have not taken this quiz